Capital Structure: Differences in US Multinational and Domestic Corporations diplomová práca

Gespeichert in:
Bibliographische Detailangaben
1. Verfasser: Kedrowski, Jay Daniel
Körperschaften: Národohospodárska fakulta EU. Katedra financií, Nottingham Trent University. Nottingham Business School
Weitere Verfasser: Kubicová, Jana, 1961-
Format: Buch
Sprache:Englisch
Veröffentlicht: Bratislava 2020
Tags: Tag hinzufügen
Keine Tags, Fügen Sie das erste Tag hinzu!

MARC

LEADER 00000nbm a2200000 4500
001 0265613
005 20240919131841.3
041 0 |a eng 
044 |a SK 
245 1 0 |a Capital Structure: Differences in US Multinational and Domestic Corporations  |b diplomová práca  |c Jay Daniel Kedrowski ; školiteľ: Jana Kubicová 
264 1 |a Bratislava  |c 2020 
300 |a 42 s. 
100 1 |a Kedrowski, Jay Daniel 
700 1 |a Kubicová, Jana, 1961- 
710 2 |a Národohospodárska fakulta EU. Katedra financií 
710 2 |a Nottingham Trent University. Nottingham Business School